[Event "RUS-ch sf"]
[Site "Novosibirsk"]
[Date "2002.??.??"]
[Round "3"]
[White "Kirillov, Andrey"]
[Black "Polovnikov, Gleb"]
[Result "1/2-1/2"]
[WhiteElo "2385"]
[BlackElo "2207"]
[PlyCount "57"]
[EventDate "2002.??.??"]
[EventType "swiss"]
[EventRounds "9"]
[EventCountry "RUS"]
[SourceTitle "EXT 2007"]
[Source "ChessBase"]
[SourceDate "2006.11.23"]
[SourceVersion "1"]
[SourceVersionDate "2006.11.23"]
[SourceQuality "1"]

1. Nf3 Nf6 2. c4 g6 3. Nc3 Bg7 4. e4 d6 5. d4 0-0 6. h3 c5 7. d5 e6 8. Bd3 exd5 9. exd5 Re8+ 10. Be3 b5 11. cxb5 Nbd7 12. 0-0 Nb6 13. Bg5 Qc7 14. Bxf6 Bxf6 15. a4 Bb7 16. a5 Nxd5 17. Ne4 Rad8 18. Qd2 Bg7 19. Rac1 Re7 20. a6 Ba8 21. Rfe1 Qd7 22. Nc3 Nxc3 23. Rxe7 Qxe7 24. bxc3 Bxf3 25. gxf3 Qh4 26. Rc2 Qxh3 27. Bf1 Qh4 28. Qd5 Be5 29. Bc4 1/2-1/2

[Event "Novosibirsk-ch"]
[Site "Novosibirsk"]
[Date "2001.11.17"]
[Round "5"]
[White "Polovnikov, Gleb"]
[Black "Okladnikov, Gennady"]
[Result "1-0"]
[WhiteElo "2217"]
[BlackElo "2219"]
[PlyCount "75"]
[EventDate "2001.11.13"]
[EventType "swiss"]
[EventRounds "9"]
[EventCountry "RUS"]
[SourceTitle "CBM 085 Extra"]
[Source "ChessBase"]
[SourceDate "2002.01.21"]
[SourceVersion "1"]
[SourceVersionDate "2002.01.21"]
[SourceQuality "1"]

1. e4 e6 2. d4 d5 3. Nd2 Nf6 4. e5 Nfd7 5. Bd3 c5 6. c3 Nc6 7. Ne2 cxd4 8. cxd4 f6 9. exf6 Qxf6 10. 0-0 Bd6 11. Nf3 h6 12. Ng3 0-0 13. Bc2 Rd8 14. Qd3 Nf8 15. Bd2 e5 16. dxe5 Nxe5 17. Nxe5 Bxe5 18. Bb4 Bxg3 19. hxg3 Be6 20. Rfe1 Rac8 21. Bxf8 Rxf8 22. Qh7+ Kf7 23. Re3 Rh8 24. Qd3 Kg8 25. Rae1 Bf7 26. Rf3 Qd6 27. Bb3 Rd8 28. Bc2 h5 29. Qf5 Rf8 30. Qg5 h4 31. gxh4 Qb4 32. Re7 Rxh4 33. Rfxf7 Rxf7 34. Re8+ Rf8 35. Qxd5+ Kh8 36. Qf7 Rf4 37. Qh5+ Kg8 38. Bh7+ 1-0

[Event "Novosibirsk-ch"]
[Site "Novosibirsk"]
[Date "2001.11.15"]
[Round "3"]
[White "Polovnikov, Gleb"]
[Black "Novikova, Anna"]
[Result "1/2-1/2"]
[WhiteElo "2217"]
[BlackElo "2211"]
[PlyCount "77"]
[EventDate "2001.11.13"]
[EventType "swiss"]
[EventRounds "9"]
[EventCountry "RUS"]
[SourceTitle "CBM 085 Extra"]
[Source "ChessBase"]
[SourceDate "2002.01.21"]
[SourceVersion "1"]
[SourceVersionDate "2002.01.21"]
[SourceQuality "1"]

1. e4 c5 2. Nf3 e6 3. d4 cxd4 4. Nxd4 Nf6 5. Nc3 Nc6 6. Ndb5 d6 7. Bf4 e5 8. Bg5 a6 9. Na3 b5 10. Nd5 Be7 11. Nxe7 Nxe7 12. Bxf6 gxf6 13. Qf3 f5 14. exf5 d5 15. f6 Ng6 16. 0-0-0 Be6 17. h4 h5 18. Qc3 0-0 19. g4 Bxg4 20. f3 Bf5 21. Qe3 Qxf6 22. Rxd5 Rfd8 23. Rc5 Rac8 24. Rxc8 Rxc8 25. Bd3 Bxd3 26. Qxd3 Qf4+ 27. Kb1 b4 28. Qxa6 Rc5 29. Qb6 Rd5 30. Nb5 Qxf3 31. Rc1 Rd1 32. a4 Rxc1+ 33. Kxc1 Qf1+ 34. Kd2 Qg2+ 35. Kc1 Qf1+ 36. Kd2 Qg2+ 37. Kc1 Qf1+ 38. Kd2 Qg2+ 39. Kc1 1/2-1/2